000 04537cam a22013574i 4500
003 PE-LiUPU
005 20250813185530.0
008 150706s2008 pe a r 000 0 spa d
020 _a9972333205
020 _a9789972333200
035 _a(Sirsi) i9789972333200
040 _aPE-LiUPU
_bspa
_cPE-LiUPU
_dPE-LiUPU
_erda
049 _aPRUA
082 0 4 _a658.15
_bF76
_221
100 1 _aForsyth Alarco, Juan Alberto,
_eautor.
245 1 0 _aFinanzas empresariales :
_brentabilidad y valor /
_cJuan Alberto Forsyth Alarco.
250 _a2a. edición.
264 1 _aLima :
_b[Tarea, Asociación Gráfica Educativa],
_c2008.
300 _a392 páginas :
_bilustraciones ;
_c24 centímetros
336 _atext
_2rdacontent
337 _aunmediated
_2rdamedia
338 _avolume
_2rdacarrier
505 0 _aConceptos fundamentales -- Evaluación de la rentabilidad en la empresa -- Costo de oportunidad del capital -- Estructura de capital en la empresa -- Valoración de empresas -- Teoría complementaria y herramientas -- Análisis de estados financieros -- Proyección de estados financieros -- Conceptos básicos de matemáticas financieras -- Evaluación de proyectos.
526 _aP202
526 _aP201
526 _aP163
526 _aP162
526 _aP161
526 _aP160
526 _aP148
526 _aP147
526 _aP146
526 _aP145
526 _aP144
526 _aP143
526 _aP142
526 _aP141
526 _aP140
526 _aP139
526 _aP138
526 _aP137
526 _aP136
526 _aP135
526 _aP134
526 _aP133
526 _aP129
526 _aP128
526 _aP127
526 _aP120
526 _aP119
526 _aP118
526 _aP116
526 _aP115
526 _aP114
526 _aP110
526 _aP109
526 _aP108
526 _aP104
526 _aP103
526 _aP102
526 _aP99
526 _aP98
526 _aP97
526 _aP96
526 _aP95
526 _aP93
526 _aP90
526 _aP89
526 _aP88
526 _aP83
526 _aP82
526 _aP62
526 _aP59
526 _aP58
526 _aP57
526 _aP51
526 _aP49
526 _aP48
526 _aP47
526 _aP29
526 _aP24
526 _aP20
526 _aP19
526 _aP17
526 _aP15
526 _aP14
526 _aP12
526 _aP10
526 _aP09
526 _aP08
526 _aP07
526 _aP06
526 _aP05
526 _aP04
526 _aP01
541 _g015-0011157;
541 _g015-0011157;
650 0 4 _aEmpresas
_zJapón.
650 0 4 _aEstados financieros.
_91111
650 0 4 _aEvaluación de proyectos.
_94937
650 0 4 _aInversiones.
650 0 4 _aRenta
_xEmpresas industriales.
910 _agl
_bjv
_clch
_d20100222
942 _2ddc
_cBOOK
949 _a338.6041 F75
_wDEWEY
_c1
_i57791
_d2015-9-28
_e2015-9-27
_lCCODEBUL1
_mBUL
_n3
_p23.00
_r0
_sY
_tBOOK
_u2015-6-25
_xFCE
_PP04
_0COMPRA
_o.STAFF. Colección Ciencias Empresariales
949 _a338.6041 F75
_wDEWEY
_c2
_i58252
_lCCODEBUL1
_mBUL
_p17.00
_r0
_sY
_tBOOK
_u2015-6-25
_xFCE
_PP04
_0COMPRA
_o.STAFF. Colección General
949 _a658.15 F76
_wDEWEY
_c1
_i61118
_lCCODEBUL1
_mBUL
_p20.00
_r0
_sY
_tBOOK
_u2015-7-6
_xFCE
_PP04
_0COMPRA
_o.STAFF. Colección General
949 _a658.15 F76
_wDEWEY
_c2
_i61117
_lCCODEBUL1
_mBUL
_p20.00
_r0
_sY
_tBOOK
_u2015-7-6
_xFCE
_PP04
_0COMPRA
_o.STAFF. Colección General
994 _aC0
_bPEPRU
596 _a1
999 _a338.6041 F75
_wDEWEY
_c46787
_i57791
_d46787
_e2015-9-27
_f2019-12-11
_g5
_lCCODEBUL1
_mBUL
_n3
_p23.00
_q3
_r0
_sY
_tBOOK
_u2015-6-25
_xFCE
_PP04
_0COMPRA
_o.STAFF. Colección Ciencias Empresariales
999 _a338.6041 F75
_wDEWEY
_c2
_i58252
_d2018-8-23
_f2019-12-9
_g5
_lDISCARD
_mBUL
_p17.00
_q1
_r1
_sY
_tBOOK
_u2015-6-25
_xFCE
_PP04
_0COMPRA
_o.STAFF. Colección General
999 _a658.15 F76
_wDEWEY
_c1
_i61118
_d2019-6-2
_e2019-5-30
_f2021-11-8
_g5
_lCCODEBUL1
_mBUL
_n1
_p20.00
_r0
_sY
_tBOOK
_u2015-7-6
_xFCE
_PP04
_0COMPRA
_o.STAFF. Colección General
999 _a658.15 F76
_wDEWEY
_c2
_i61117
_f2019-12-11
_g4
_lCCODEBUL1
_mBUL
_p20.00
_r0
_sY
_tBOOK
_u2015-7-6
_xFCE
_PP04
_0COMPRA
_o.STAFF. Colección General
980 _81
_gALBERTO SANCHEZ Responsable de Automatización